000 00346nam a22001337a 4500
005 20250327070820.0
008 250327b |||||||| |||| 00| 0 eng d
040 _c
100 _aSHARMA L. P.
_9488
245 _aTHE SULTANATE OF DELHI
_hENGLISH
250 _a1ST
260 _aDELHI
_bKONARK PUBLISHERS PVT LTD
_c1988
942 _2ddc
_cBK
999 _c31275
_d31275